00249nam a22000857a 4500082001500000100002100015245006300036260004300099300002100142 a342.954106 aHassan, Masul-Ul aManual of Civil Service Laws & Practice /cMasul-Ul Hassan aLahore :bNational Law Reporter,cN.D. a1798 p. ;c24cm.